| 000 | 00384nam a22001337a 4500 | ||
|---|---|---|---|
| 008 | 150220b xxu||||| |||| 00| 0 eng d | ||
| 020 | _a9781779221704 | ||
| 050 | _aPR9390.9.C4 C45 | ||
| 100 |
_aChinodya, Shimmer _915459 |
||
| 245 |
_aChioniso and other stories _cShimmer Chinodya |
||
| 260 |
_aHarare _bWeaver Press _c2012 |
||
| 300 |
_avii, 182p. _c21cm |
||
| 942 |
_2lcc _cMONOGRAPH |
||
| 999 |
_c122163 _d122163 |
||